Band Members by Instrument - Jazz Edition - Statistics

General Stats
  • This quiz has been taken 187 times
    123 since last reset
  • The average score is 16 of 48
Answer Stats
Band or Album Instrument or Role Answer % Correct
Album - Somethin' Else (1958) Trumpet Miles Davis
88%
Album - Kind of Blue (1959) Trumpet Miles Davis
88%
Album - Kind of Blue (1959) Tenor Saxophone John Coltrane
84%
Album - Giant Steps (1960) Tenor Saxophone John Coltrane
84%
Album - Maiden Voyage (1965) Piano Herbie Hancock
70%
Album - Kind of Blue (1959) Piano (except 1 song) Bill Evans
65%
Album - Time Out (1959) Piano Dave Brubeck
64%
Songs - "Girl from Ipanema" and "Corcovado" (1964) Tenor Saxophone Stan Getz
62%
Album - Somethin' Else (1958) Alto Saxophone Cannonball Adderley
58%
Album - Kind of Blue (1959) Alto Saxophone Cannonball Adderley
58%
Songs - "Girl from Ipanema" and "Corcovado" (1964) Guitar, Vocals João Gilberto
55%
Songs - "Girl from Ipanema" and "Corcovado" (1964) Vocals Astrud Gilberto
51%
Band - Weather Report (1977 album Heavy Weather) Soprano and Tenor Saxophones Wayne Shorter
49%
Band - Weather Report (1977 album Heavy Weather) Keyboards, Synthesizers, Vocals Joe Zawinul
45%
Band - Weather Report (1977 album Heavy Weather) Bass, Mandocello, Steel Drums Jaco Pastorius
41%
Album - Brilliant Corners (1957) Double Bass Paul Chambers
41%
Album - Kind of Blue (1959) Double Bass Paul Chambers
41%
Album - Giant Steps (1960) Double Bass Paul Chambers
41%
Album - Time Out (1959) Alto Saxophone Paul Desmond
40%
Album - Maiden Voyage (1965) Bass Ron Carter
40%
Album - Brilliant Corners (1957) Piano Thelonius Monk
40%
Album - Maiden Voyage (1965) Trumpet Freddie Hubbard
38%
Songs - "Girl from Ipanema" and "Corcovado" (1964) Piano Antônio Carlos Jobim
36%
Album - Somethin' Else (1958) Drums Art Blakey
35%
Album - The Great Summit (1961/2001) Vocals, Trumpet Louis Armstrong
30%
Album - Somethin' Else (1958) Piano Hank Jones
29%
Album - Giant Steps (1960) Piano (except 2 songs) Tommy Flanagan
29%
Album - Somethin' Else (1958) Bass Sam Jones
28%
Album - Brilliant Corners (1957) Tenor Saxophone Sonny Rollins
28%
Album - Kind of Blue (1959) Drums Jimmy Cobb
27%
Album - The Great Summit (1961/2001) Piano Duke Ellington
23%
Album - Maiden Voyage (1965) Drums Tony Williams
23%
Album - Maiden Voyage (1965) Tenor Saxophone George Coleman
20%
Album - Time Out (1959) Drums Joe Morello
14%
Album - Brilliant Corners (1957) Drums Max Roach
12%
Album - Giant Steps (1960) Drums (except 1 song) Art Taylor
9%
Band - Weather Report (1977 album Heavy Weather) Drums Alex Acuña
7%
Album - Brilliant Corners (1957) Trumpet Clark Terry
5%
Album - The Great Summit (1961/2001) Trombone Trummy Young
5%
Album - Brilliant Corners (1957) Alto Saxophone Ernie Henry
3%
Band - Weather Report (1977 album Heavy Weather) Percussion, Vocals Manolo Badrena
3%
Album - Time Out (1959) Bass Eugene Wright
2%
Album - The Great Summit (1961/2001) Clarinet Barney Bigard
1%
Album - The Great Summit (1961/2001) Drums Danny Barcelona
0%
Songs - "Girl from Ipanema" and "Corcovado" (1964) Drums, Pandeiro Milton Banana
0%
Album - The Great Summit (1961/2001) Bass Mort Herbert
0%
Album - Brilliant Corners (1957) Double Bass Oscar Pettiford
0%
Songs - "Girl from Ipanema" and "Corcovado" (1964) Double Bass Sebastião Neto
0%
No matching quizzes found
Score Distribution
Percent of People with Each Score
Percentile by Number Answered
Your Score History
You have not taken this quiz since the last reset